000 00619nam a22001937a 4500
003 LK-CoMWRAF
008 240624b2004 |||||||| |||| 00| 0 eng d
040 _aLK-CoMWRAF
_dLK-CoMWRAF
_eLK-CoMWRAF
041 _aeng
082 _a305.42
_bWOM
111 _a NINTH NATIONAL CONVENTION ON WOMEN'S STUDIES
_c ( Colombo,
_d20-23rd March 2004)
245 _aSESSION II:
_bEducation
260 _aColombo:
_bCentre for Women's Research,
_c2004
300 _aVarious pg.
_bBibliography included
650 _a WOMEN'S STUDIES- Sri Lanka- Congresses
650 _aGender equity
650 _aGender and language
942 _cCP
999 _c4932
_d4932